000 00840nam a22002297a 4500
003 UA-OsUOA
001 46387
007 ta
008 20120217b un ||||| |||| 00| 0 ukr d
090 _a811.161.2
_bК93
942 _cBK
040 _aUA-OsUOA
_bukr
_cUA-OsUOA
_dUA-OsUOA
245 _aКурс історії української літературної мови (дожовтневий період)
_bТ. І
300 _a591 с.
955 _a2
041 _aukr
080 _a811.161.2
260 _aК.
_bВ-во Академії наук Української РСР
_c1958
650 7 _a8 Мовознавство. Художня література. Літературознавство
_2UDC
999 _c426490
_d426490